[Event "IV Jugando con las Estrellas 2019"]
[Site "Santa Cruz de la Palma"]
[Date "2019.08.10"]
[Round "2.1"]
[White "Klimentov, Roman"]
[Black "Pakleza, Zbigniew"]
[Result "1/2-1/2"]
[WhiteElo "2173"]
[BlackElo "2506"]
[Annotator "ChessBase"]
[PlyCount "41"]
[EventDate "2019.08.09"]
[EventType "swiss"]
[EventCountry "ESP"]
[SourceTitle "playchess.com"]
[Source "ChessBase"]
[SourceQuality "1"]
[TimeControl "5400+30"]

1. e4 {[%emt 0:00:00]} g6 {[%emt 0:00:00]} 2. d4 {[%emt 0:00:00]} Bg7 {[%emt 0:00:00]} 3. Nf3 {[%emt 0:00:00]} d6 {[%emt 0:00:00]} 4. Bc4 {[%emt 0:00:03]} Nf6 {[%emt 0:00:08]} 5. Qe2 {[%emt 0:00:23]} O-O {[%emt 0:00:35]} 6. O-O {[%emt 0:00:19]} c6 {[%emt 0:02:00]} 7. Bb3 {[%emt 0:00:23]} d5 {[%emt 0:17:02]} 8. Nbd2 {[%emt 0:09:28]} e6 {[%emt 0:11:41]} 9. e5 {[%emt 0:10:54]} Nfd7 {[%emt 0:00:29]} 10. c4 {[%emt 0:01:51]} b5 {[%emt 0:11:52]} 11. c5 {[%emt 0:05:27]} f6 {[%emt 0:05:46]} 12. exf6 {[%emt 0:01:06]} Qxf6 {[%emt 0:00:07]} 13. Re1 {[%emt 0:01:40]} Re8 {[%emt 0:06:04]} 14. Nf1 {[%emt 0:11:29]} Na6 {[%emt 0:05:57]} 15. Ne3 {[%emt 0:12:08]} Qf8 {[%emt 0:01:30]} 16. Bd2 {[%emt 0:08:14]} Bb7 {[%emt 0:12:57]} 17. Rac1 {[%emt 0:03:31]} e5 {[%emt 0:09:48]} 18. Nxd5 {[%emt 0:02:16]} Kh8 {[%emt 0:00:02]} 19. dxe5 {[%emt 0:11:30]} Ndxc5 {[%emt 0:03:28]} 20. Ne3 {[%emt 0:04:51]} Nxb3 {[%emt 0:00:35]} 21. axb3 {[%emt 0:00:05]} 1/2-1/2

[Event "IV Jugando con las Estrellas 2019"]
[Site "Santa Cruz de la Palma"]
[Date "2019.08.10"]
[Round "2.2"]
[White "Kurajica, Bojan"]
[Black "Cubas Cabrera, Angel Luis"]
[Result "1-0"]
[WhiteElo "2494"]
[BlackElo "2145"]
[Annotator "ChessBase"]
[PlyCount "59"]
[EventDate "2019.08.09"]
[EventType "swiss"]
[EventCountry "ESP"]
[SourceTitle "playchess.com"]
[Source "ChessBase"]
[SourceQuality "1"]
[TimeControl "5400+30"]

1. c4 {[%emt 0:00:00]} e6 {[%emt 0:00:15]} 2. Nf3 {[%emt 0:00:00]} Nf6 {[%emt 0:00:13]} 3. g3 {[%emt 0:00:16]} d5 {[%emt 0:00:51]} 4. Bg2 {[%emt 0:00:09]} Be7 {[%emt 0:00:11]} 5. d4 {[%emt 0:00:41]} O-O {[%emt 0:00:47]} 6. Qc2 {[%emt 0:00:12]} dxc4 {[%emt 0:01:55]} 7. Qxc4 {[%emt 0:00:31]} a6 {[%emt 0:03:10]} 8. Bf4 {[%emt 0:02:58]} Nd5 {[%emt 0:03:10]} 9. Bd2 {[%emt 0:05:31]} Nd7 {[%emt 0:05:13]} 10. e4 {[%emt 0:07:03]} N5f6 11. Qe2 {[%emt 0:04:04]} c5 {[%emt 0:05:08]} 12. O-O {[%emt 0:06:11]} b5 {[%emt 0:08:02]} 13. dxc5 {[%emt 0:00:30]} Nxc5 {[%emt 0:03:30]} 14. e5 {[%emt 0:00:15]} Nd5 {[%emt 0:00:51]} 15. h4 {[%emt 0:00:57]} h6 {[%emt 0:02:19]} 16. Nh2 {[%emt 0:06:55]} Re8 {[%emt 0:15:09]} 17. Qg4 {[%emt 0:09:42]} Kh8 {[%emt 0:02:36]} 18. Qh5 {[%emt 0:04:39]} Kg8 {[%emt 0:01:10]} 19. Ng4 {[%emt 0:06:00]} Bf8 {[%emt 0:02:26]} 20. Rd1 {[%emt 0:02:59]} g6 {[%emt 0:12:37]} 21. Nxh6+ {[%emt 0:00:16]} Kh7 {[%emt 0:00:04]} 22. Qg5 {[%emt 0:04:28]} Qxg5 {[%emt 0:00:10]} 23. hxg5 {[%emt 0:00:03]} Bxh6 {[%emt 0:00:06]} 24. gxh6 {[%emt 0:00:03]} Nd3 {[%emt 0:00:10]} 25. Bc3 {[%emt 0:04:41]} Nc5 {[%emt 0:01:01]} 26. Bd4 {[%emt 0:01:12]} Nd7 {[%emt 0:01:17]} 27. Nd2 {[%emt 0:00:40]} Kxh6 {[%emt 0:02:54]} 28. Ne4 {[%emt 0:00:38]} Kg7 {[%emt 0:01:04]} 29. Nd6 {[%emt 0:00:24]} Rh8 {[%emt 0:00:56]} 30. Bxd5 {[%emt 0:04:02]} 1-0

[Event "IV Jugando con las Estrellas 2019"]
[Site "Santa Cruz de la Palma"]
[Date "2019.08.10"]
[Round "2.3"]
[White "Molina Rodriguez, Borja"]
[Black "Lemos, Damian"]
[Result "1/2-1/2"]
[WhiteElo "2166"]
[BlackElo "2487"]
[Annotator "TA"]
[PlyCount "143"]
[EventDate "2019.08.09"]
[EventType "swiss"]
[EventCountry "ESP"]
[SourceTitle "playchess.com"]
[Source "ChessBase"]
[SourceQuality "1"]

{[%evp 16,143,33,20,6,-16,-32,-26,-46,-140,0,0,0,0,13,0,10,16,12,14,33,24,22,-90,-86,-65,0,0,0,0,0,0,0,0,16,0,19,10,17,20,23,14,33,0,0,0,0,0,2,0,0,0,0,0,0,0,0,0,8,0,0,0,0,0,0,0,0,0,0,0,0,0,0,0,0,0,0,0,0,0,0,0,0,0,0,0,0,0,0,0,0,0,0,0,0,0,0,0,0,0,0,0,0,0,0,0,0,0,0,0,0,0,0,0,0,0,0,0,0,0,0,0,0,0,0,0,0,0,0,0]} 1. e4 g6 2. d4 Bg7 3. Nc3 c6 4. f4 d5 5. e5 Nh6 6. Nf3 O-O 7. Bd3 f6 8. O-O Bg4 9. Be3 e6 {B15: Caro-Kann: 3 Nc3: 3...g6 and 3...dxe4 4 Nxe4 Nf6 5 Nxf6+ exf6} 10. h3 Bxf3 $1 11. Rxf3 ({Reject} 11. Qxf3 fxe5 12. dxe5 d4 $17) 11... c5 {Black has an edge.} 12. Nb5 {[#]} (12. dxc5 $15 fxe5 13. fxe5) 12... c4 ({Black should try} 12... a6 $1 $17 {[%cal Ra6b5]} 13. f5 Nxf5 14. Bxf5 gxf5 15. exf6 Bxf6) 13. Be2 $11 Nf5 {Hoping for ...Qb6.} 14. Bf2 $1 {[#]} a6 $146 ({Predecessor:} 14... Qb6 15. Nc3 Nc6 16. Na4 Qc7 {0-1 (28) Felgendreher,H (2219)-Chatalbashev,B (2563) Bad Woerishofen 2016}) 15. Na3 fxe5 16. fxe5 Nc6 17. c3 Qe7 18. Nc2 Bh6 19. Ne3 (19. b3 $11 {remains equal.}) 19... Nxe3 $17 20. Bxe3 Bxe3+ (20... Rxf3 $15 21. Bxh6 Rf7) 21. Rxe3 $11 Qg5 22. Rf3 Ne7 23. Qc1 Qh4 24. Qe1 Qh6 (24... Qxe1+ {feels hotter.} 25. Rxe1 Rxf3 26. Bxf3 b5 27. Bg4 Nf5) 25. Qc1 Qg7 (25... Qh4 {looks sharper.}) 26. Qd2 Rxf3 27. Bxf3 Rf8 28. Rf1 h5 29. Be2 Rxf1+ {The position is equal.} 30. Bxf1 Nf5 31. Qg5 Kh7 32. Be2 Qh6 33. h4 Qxg5 34. hxg5 {[%mdl 4096] Endgame KB-KN} Kg7 35. Kf2 h4 36. Bg4 Kf7 37. Kf3 b5 38. Kf2 a5 39. a3 Ng3 40. Bf3 Ke7 41. Ke3 Nf5+ 42. Kd2 b4 43. axb4 axb4 44. Bd1 b3 45. Bg4 Kf7 46. Bf3 Kf8 47. Bg4 Ke7 48. Bf3 Kf8 49. Bg4 Ng7 50. Ke3 Kf7 51. Kd2 Nf5 52. Bf3 Ne7 53. Bg4 Nc6 54. Bh3 Ke7 55. Bg4 Na7 56. Bh3 Nc8 57. Bg4 Nb6 58. Bh3 Kf7 (58... Na4 $5 59. Kc1 $8 Nb6 $11) 59. Bg4 Na8 60. Bh3 Nc7 61. Bg4 Ne8 62. Ke3 Ng7 63. Kd2 Nf5 64. Bf3 Ng3 65. Ke3 Ke7 66. Kd2 Kf8 67. Ke3 Ke7 68. Kd2 Nf5 69. Bg4 Ng7 70. Ke3 Kf7 71. Kd2 Nf5 72. Bf3 {Accuracy: White = 71%, Black = 79%.} 1/2-1/2

[Event "IV Jugando con las Estrellas 2019"]
[Site "Santa Cruz de la Palma"]
[Date "2019.08.10"]
[Round "2.4"]
[White "Kolosowski, Mateusz"]
[Black "Salazar de la Cruz, Jose Maria"]
[Result "1-0"]
[WhiteElo "2458"]
[BlackElo "2132"]
[Annotator "TA"]
[PlyCount "61"]
[EventDate "2019.08.09"]
[EventType "swiss"]
[EventCountry "ESP"]
[SourceTitle "playchess.com"]
[Source "ChessBase"]
[SourceQuality "1"]

{[%evp 20,61,44,51,72,61,101,75,136,139,145,129,146,120,115,66,55,40,89,94,84,84,86,91,295,295,286,279,278,226,347,347,497,487,704,684,702,691,697,685,657,614,5754,5406]} 1. e4 c5 2. Nf3 Nc6 3. d4 cxd4 4. Nxd4 g6 5. c4 Nf6 6. Nc3 d6 7. f3 Nxd4 8. Qxd4 Bg7 9. Be3 O-O 10. Qd2 Be6 11. Rc1 a5 {B36: Sicilian: Maroczy Bind: Gurgenidze System} (11... Qa5 12. b3 Rfc8 13. Bd3 a6 14. Na4 Qxd2+ 15. Kxd2 Nd7 16. Nc3 b5 17. Nd5 Bxd5 18. cxd5 b4 19. Rxc8+ Rxc8 {½-½ (60) So,W (2762)-Guseinov,G (2664) chess.com INT 2019}) 12. b3 h5 $146 ({Predecessor:} 12... Nd7 13. Be2 Nc5 14. O-O Qb6 15. Rc2 Rfc8 16. Kh1 Qb4 17. Nd5 Bxd5 18. exd5 Na6 19. Qc1 a4 20. Bd2 Qc5 21. Qe1 axb3 22. axb3 {½-½ (44) Predke,A (2530)-Iturrizaga Bonelli,E (2630) Moscow 2015}) 13. Be2 h4 (13... Nd7 $142) 14. O-O $16 Nd7 15. h3 Nc5 16. Kh1 Be5 17. Bg5 f6 18. Bxh4 Kg7 19. f4 Bxc3 20. Qxc3 Nxe4 21. Qe3 Rh8 $2 (21... Nc5 $16) 22. Qxe4 $18 {[%mdl 64] [#] Double Attack} Bf5 23. Bxf6+ $1 ({Less strong is} 23. Qxb7 Rxh4 24. Qf3 Rc8 $16) 23... Kxf6 24. Qxb7 Rb8 (24... Qd7 {keeps fighting.} 25. Qxd7 Bxd7) 25. Qf3 Qd7 (25... Kg7 $142 26. c5 Rb4 27. Qc3+ Kh7) 26. g4 {White is clearly winning.} Rh4 (26... Bxg4 $142 27. Qxg4 Rxh3+ 28. Kg2 Qxg4+ 29. Bxg4 Rd3) 27. gxf5 Rbh8 28. Qc3+ {[%mdl 64] [#] Double Attack} Kf7 29. Rf3 Qxf5 {[%cal Rh4h3]} 30. Bf1 Rg4 31. Qxh8 {Accuracy: White = 82%, Black = 22%.} 1-0

[Event "IV Jugando con las Estrellas 2019"]
[Site "Santa Cruz de la Palma"]
[Date "2019.08.10"]
[Round "2.5"]
[White "Korneev Leskova, Svyatoslav"]
[Black "Pap, Misa"]
[Result "1/2-1/2"]
[WhiteElo "2150"]
[BlackElo "2461"]
[Annotator "TA"]
[PlyCount "64"]
[EventDate "2019.08.09"]
[EventType "swiss"]
[EventCountry "ESP"]
[SourceTitle "playchess.com"]
[Source "ChessBase"]
[SourceQuality "1"]

{[%evp 16,64,30,26,33,8,14,2,0,11,10,7,35,18,27,29,37,6,8,20,37,0,33,32,79,63,137,148,190,116,119,112,134,119,118,121,143,99,97,98,121,122,124,124,122,101,192,63,32,37,79]} 1. c4 e5 2. Nc3 Nc6 3. g3 g6 4. Bg2 Bg7 5. d3 f5 6. e3 Nf6 7. Nge2 O-O 8. O-O d6 9. Nd5 Nh5 {A25: English Opening vs King's Indian with ...Nc6 but without early d3} (9... Ne7 10. e4 c6 11. Nxf6+ Bxf6 12. Bh6 Bg7 13. Bxg7 Kxg7 14. d4 f4 15. gxf4 exf4 16. f3 g5 17. Qd2 Ng6 18. b4 Be6 19. d5 cxd5 20. Nd4 {1-0 (38) Gonzalez Rodriguez,J (2407)-Moskalenko,V (2528) Montcada 2009}) 10. Bd2 $146 ({Predecessor:} 10. Nec3 Ne7 11. b4 Nxd5 12. Nxd5 c6 13. Nc3 f4 14. Bd2 Be6 15. Rc1 Qd7 16. exf4 exf4 {0-1 (26) Fehr,A (2148)-Kokje,J (2093) Basel 2017}) 10... a5 11. Rc1 Nb8 {The position is equal.} 12. Qb3 a4 13. Qa3 Rf7 14. b3 c6 15. Ndc3 Be6 16. bxa4 Na6 17. a5 g5 18. f4 gxf4 19. exf4 exf4 20. Bf3 Nf6 (20... Nxg3 $1 $14 21. Rf2 (21. hxg3 fxg3 22. Kg2 Nc5 $11) 21... Nxe2+ 22. Nxe2 Nc5) 21. Nxf4 $16 ({Much worse is} 21. Bxf4 $6 Nc5 $11) 21... Bc8 22. Nh5 (22. Na4 $18) 22... Nxh5 23. Bxh5 Rf8 24. Ne2 Nc5 25. Nf4 Ne6 26. Nxe6 Bxe6 27. Rce1 Bd4+ 28. Kh1 Bf7 29. Bxf7+ Rxf7 30. Re6 Be5 {[#]} (30... c5 $16) 31. Bc3 (31. c5 $1 $18) 31... Qd7 $14 32. Rh6 Re8 {Accuracy: White = 36%, Black = 27%.} 1/2-1/2

[Event "IV Jugando con las Estrellas 2019"]
[Site "Santa Cruz de la Palma"]
[Date "2019.08.10"]
[Round "2.6"]
[White "Minzer, Claudio Javier"]
[Black "Guerra Arrocha, Daniel"]
[Result "1-0"]
[WhiteElo "2446"]
[BlackElo "2129"]
[Annotator "NA"]
[PlyCount "59"]
[EventDate "2019.08.09"]
[EventType "swiss"]
[EventCountry "ESP"]
[SourceTitle "playchess.com"]
[Source "ChessBase"]
[SourceQuality "1"]
[TimeControl "5400+30"]

1. d4 {[%emt 0:00:00]} d6 {[%emt 0:09:34]} 2. e4 {[%emt 0:01:30]} g6 {[%emt 0:01:44]} 3. c4 {[%emt 0:00:26]} e5 {[%emt 0:02:13]} 4. d5 {[%emt 0:01:44]} f5 {[%emt 0:01:11]} 5. exf5 {[%emt 0:00:12]} Bxf5 {[%emt 0:00:08]} 6. Nc3 {[%emt 0:01:07]} Nf6 {[%emt 0:00:35]} 7. Be2 {[%emt 0:04:59]} Ne4 {[%emt 0:07:52]} 8. Nxe4 {[%emt 0:04:11]} Bxe4 {[%emt 0:00:06]} 9. Nf3 {[%emt 0:00:11]} Be7 {[%emt 0:02:28]} 10. Bd3 {[%emt 0:10:42]} Bxd3 {[%emt 0:01:13]} 11. Qxd3 {[%emt 0:00:08]} Nd7 {[%emt 0:00:15]} 12. Be3 {[%emt 0:01:22]} O-O {[%emt 0:00:32]} 13. O-O {[%emt 0:08:05]} Rxf3 {[%emt 0:05:13]} 14. gxf3 {[%emt 0:00:07]} Qf8 {[%emt 0:00:01]} 15. f4 {[%emt 0:05:55]} exf4 {[%emt 0:01:10]} 16. Bd4 {[%emt 0:00:01]} Bf6 {[%emt 0:02:09]} 17. Qh3 {[%emt 0:03:51]} Bxd4 {[%emt 0:00:47]} 18. Qxd7 {[%emt 0:00:03]} f3 {[%emt 0:03:15]} 19. Rae1 {[%emt 0:02:01]} Be5 {[%emt 0:18:11]} 20. Qe6+ {[%emt 0:05:43]} Kh8 {[%emt 0:00:35]} 21. Rxe5 {[%emt 0:00:41]} dxe5 {[%emt 0:00:09]} 22. Qxe5+ {[%emt 0:00:06]} Qg7 {[%emt 0:00:02]} 23. Re1 {[%emt 0:00:19]} Rf8 {[%emt 0:00:12]} 24. h3 {[%emt 0:01:37]} h5 {[%emt 0:04:44]} 25. Kh2 {[%emt 0:15:41]} h4 {[%emt 0:01:30]} 26. Qg5 {[%emt 0:02:23]} Qf6 {[%emt 0:05:53]} 27. Qh6+ {[%emt 0:01:29]} Kg8 {[%emt 0:00:17]} 28. Re6 {[%emt 0:00:50]} Qg7 {[%emt 0:04:18]} 29. Re1 Qxb2 30. Qxg6+ {[%emt 0:00:01]} 1-0

[Event "IV Jugando con las Estrellas 2019"]
[Site "Santa Cruz de la Palma"]
[Date "2019.08.10"]
[Round "2.7"]
[White "Perez Perez, Gabriel"]
[Black "Barbot, Pierre"]
[Result "1/2-1/2"]
[WhiteElo "2121"]
[BlackElo "2441"]
[Annotator "TA"]
[PlyCount "65"]
[EventDate "2019.08.09"]
[EventType "swiss"]
[EventCountry "ESP"]
[SourceTitle "playchess.com"]
[Source "ChessBase"]
[SourceQuality "1"]

{[%evp 10,65,25,24,25,20,39,8,28,0,18,12,22,19,93,97,131,123,206,157,206,198,304,270,256,263,256,248,268,254,261,256,250,140,128,93,162,144,215,201,217,207,200,134,120,109,110,108,99,100,116,51,51,15,8,0,11,-135]} 1. d4 Nf6 2. c4 b6 3. Nc3 Bb7 4. Qc2 d5 5. cxd5 Nxd5 6. e4 Nxc3 {A50: Queen's Fianchetto Defence (1 d4 Nf6 2 c4 b6)} 7. bxc3 e5 8. dxe5 (8. Nf3 Nd7 9. Bc4 Bd6 10. Ng5 O-O 11. O-O Be7 12. f4 Bxg5 13. fxg5 Qe7 14. Bd3 exd4 15. cxd4 {½-½ (38) Le,Q (2737)-Iturrizaga Bonelli,E (2650) chess.com INT 2018}) 8... Nd7 9. Bf4 Qe7 (9... g5 $5 {[%cal Rg5f4]} 10. Bg3 Qe7 $11) 10. Nf3 O-O-O 11. Bc4 Nc5 (11... h6 $11) 12. O-O $146 {[%mdl 2048] Keeping Black busy.} ({Predecessor:} 12. Nd2 g5 13. Bg3 Bg7 14. O-O {0-1 (36) Zhao,Y (1959)-Xiu,D (2564) China 2014}) 12... Bxe4 {[#]} 13. Qe2 $1 f6 (13... Kb8 $16 {was necessary.}) 14. Rfd1 Rxd1+ 15. Rxd1 Qe8 (15... Bb7 $142 16. Nd4 fxe5 17. Bxe5 (17. Qxe5 Qxe5 18. Bxe5 Be7 $16) 17... h5) 16. exf6 $18 gxf6 17. Nd4 {f3 is the strong threat.} Bd6 18. Bxd6 cxd6 19. Nb5 Kb8 20. Nxd6 ({Resist} 20. Rxd6 $6 Qe5 $16) 20... Qg6 {[%csl Ge4][%cal Rg6g2] [#]} 21. Nxe4 (21. g3 $1 $18) 21... Qxe4 $16 22. f3 Qf4 (22... Qxe2 $16 {was called for.} 23. Bxe2 Na4) 23. Bd5 Rd8 {[#]} (23... Qc7 $16 24. Re1 Na4) 24. Qe7 $1 $18 {[%cal Re7d8]} Rd7 25. Qe8+ Kc7 26. c4 {Black must now prevent g3.} Qe5 27. Re1 Qd4+ 28. Qe3 Qxe3+ 29. Rxe3 b5 30. Kf2 (30. Re8 $16) 30... b4 $14 31. g4 a5 32. Re8 {White wants to play Ke3.} a4 33. Re3 {Accuracy: White = 52%, Black = 55%.} (33. Ke2 $11 {keeps the balance.}) 1/2-1/2

[Event "IV Jugando con las Estrellas 2019"]
[Site "Santa Cruz de la Palma"]
[Date "2019.08.10"]
[Round "2.8"]
[White "Pile, Richard"]
[Black "Rodriguez Redondo, Adhara"]
[Result "1-0"]
[WhiteElo "2416"]
[BlackElo "1945"]
[Annotator "TA"]
[PlyCount "117"]
[EventDate "2019.08.09"]
[EventType "swiss"]
[EventCountry "ESP"]
[SourceTitle "playchess.com"]
[Source "ChessBase"]
[SourceQuality "1"]

{[%evp 15,117,16,45,16,51,48,57,42,43,33,32,26,52,41,36,0,0,0,0,0,12,0,28,0,0,0,0,0,0,0,0,0,0,0,0,0,0,0,0,-5,-9,-10,0,0,0,0,0,0,0,0,0,0,0,0,0,0,0,0,0,0,0,0,0,0,0,0,0,0,0,0,0,0,0,0,0,0,0,0,0,0,141,0,0,0,0,0,0,0,0,0,0,0,0,0,514,277,656,622,29968,29954,29982,29983,29983,29982]} 1. e4 e5 2. Nf3 Nc6 3. Bb5 a6 4. Ba4 Nf6 5. d3 b5 6. Bb3 Bb7 7. O-O Bc5 8. a4 d6 9. Bg5 {C78: Ruy Lopez: Archangelsk and Möller Defences} (9. axb5 {is more complex.} axb5 10. Rxa8 Bxa8 11. Na3 Na5 12. Nxb5 Nxb3 13. cxb3 O-O 14. Bg5) (9. Nc3 b4 10. Nd5 Na5 11. Nxf6+ Qxf6 12. Ba2 O-O 13. Be3 Bc8 14. d4 exd4 15. Bxd4 Bxd4 16. Qxd4 Qxd4 17. Nxd4 Bd7 18. Rfd1 {½-½ (18) Mekhitarian,K (2545)-Matsuura,E (2485) Foz do Iguacu 2018}) 9... h6 10. Bxf6 Qxf6 11. axb5 {White is slightly better.} axb5 12. Rxa8+ Bxa8 13. Nc3 b4 14. Nd5 Qd8 15. Qa1 $146 ({Predecessor:} 15. c3 O-O 16. d4 Ba7 {½-½ (36) Hamann,H (2306)-Ronneland,D (2403) ICCF email 2014}) 15... Bb7 16. Qa4 {Threatens to win with Qb5.} O-O 17. Qb5 Qb8 18. Ra1 Kh8 19. Bc4 Nd4 20. Nxd4 {Nc6 is the strong threat.} Bxd5 21. Qxb8 Rxb8 22. Nb3 Bxc4 23. dxc4 $11 {[%mdl 4096] Endgame KRB-KRN} Bd4 24. Ra2 g6 25. Kf1 Kg7 26. Ke2 Kf6 27. Nc1 Ke6 28. b3 f5 29. f3 fxe4 30. fxe4 Rf8 {aiming for ...Rf2+.} 31. Nd3 c5 32. Ra7 h5 33. h3 Bg1 34. Rg7 Kf6 $1 {[%cal Rf6g7]} 35. Rd7 Ke6 36. Ra7 Bd4 37. Ra6 Ke7 38. h4 Kd7 39. Ra7+ Ke6 40. Rh7 Bg1 41. Rg7 Kf6 42. Ra7 Ke6 43. Rh7 Bd4 44. Rb7 Bg1 45. Ne1 Rf4 46. Nf3 {Ng5+ would kill now.} Rxe4+ 47. Kd3 Re3+ 48. Kd2 {[#] Black must now prevent Ng5+.} Rxf3 $1 {[%mdl 512]} 49. gxf3 {KR-KB} Bf2 50. Kd3 Bxh4 51. Ke4 Be7 52. Ra7 g5 53. Ra8 h4 54. Rh8 Bf6 $2 {[%mdl 8192]} (54... Kf6 $11 {and Black is okay.}) 55. Rh6 $18 Kf7 $2 (55... h3 56. Rxh3 Bg7) 56. Kf5 Be7 {intending ...Kg7.} 57. Rh7+ {White mates.} Ke8 {[#]} 58. Ke6 $1 Bf8 59. Ra7 {Accuracy: White = 79%, Black = 62%.} 1-0

[Event "IV Jugando con las Estrellas 2019"]
[Site "Santa Cruz de la Palma"]
[Date "2019.08.11"]
[Round "3.1"]
[White "Ramiro Ovejero, Juan Luis"]
[Black "Kurajica, Bojan"]
[Result "0-1"]
[WhiteElo "2347"]
[BlackElo "2494"]
[Annotator "ChessBase"]
[PlyCount "60"]
[EventDate "2019.08.09"]
[EventType "swiss"]
[EventCountry "ESP"]
[SourceTitle "playchess.com"]
[Source "ChessBase"]
[SourceQuality "1"]
[TimeControl "5400+30"]

1. e4 {[%emt 0:00:00]} c5 {[%emt 0:00:00]} 2. Nf3 {[%emt 0:00:00]} Nc6 {[%emt 0:00:00]} 3. Bb5 {[%emt 0:00:37]} e6 {[%emt 0:00:03]} 4. O-O {[%emt 0:00:12]} Nge7 {[%emt 0:00:39]} 5. d4 {[%emt 0:00:16]} cxd4 {[%emt 0:00:08]} 6. Nxd4 {[%emt 0:00:05]} Ng6 {[%emt 0:00:11]} 7. Be3 {[%emt 0:03:22]} Be7 {[%emt 0:00:51]} 8. Be2 {[%emt 0:01:32]} O-O {[%emt 0:00:34]} 9. c4 {[%emt 0:00:19]} b6 {[%emt 0:04:37]} 10. Nc3 {[%emt 0:01:01]} Bb7 {[%emt 0:00:08]} 11. Qd2 {[%emt 0:07:40]} Nxd4 {[%emt 0:00:43]} 12. Bxd4 {[%emt 0:00:33]} f5 {[%emt 0:06:45]} 13. exf5 {[%emt 0:12:41]} Nh4 {[%emt 0:01:17]} 14. f3 {[%emt 0:00:27]} Nxf5 {[%emt 0:00:36]} 15. Bf2 {[%emt 0:00:25]} Bg5 {[%emt 0:11:05]} 16. Qd3 {[%emt 0:06:42]} Bf4 {[%emt 0:08:13]} 17. Rad1 {[%emt 0:18:31]} Rf7 {[%emt 0:01:05]} 18. Ne4 {[%emt 0:01:46]} d5 {[%emt 0:06:07]} 19. cxd5 {[%emt 0:03:27]} exd5 {[%emt 0:00:09]} 20. g3 {[%emt 0:04:41]} Qe8 {[%emt 0:13:36]} 21. Nc3 {[%emt 0:05:02]} Be3 {[%emt 0:05:29]} 22. Nxd5 {[%emt 0:01:52]} Bxf2+ {[%emt 0:00:21]} 23. Rxf2 {[%emt 0:00:14]} Bxd5 {[%emt 0:00:15]} 24. Qxd5 {[%emt 0:00:06]} Ne3 {[%emt 0:00:09]} 25. Qg5 {[%emt 0:12:23]} Nxd1 {[%emt 0:00:30]} 26. Bxd1 {[%emt 0:00:04]} Qe1+ {[%emt 0:05:27]} 27. Rf1 {[%emt 0:00:06]} Qe7 {[%emt 0:00:08]} 28. Qh5 {[%emt 0:00:41]} g6 {[%emt 0:02:17]} 29. Qh6 {[%emt 0:00:29]} Qf8 {[%emt 0:03:06]} 30. Qh4 {[%emt 0:02:26]} Rd7 {[%emt 0:03:17]} 0-1